ACSM's resource manual for Guidelines for exercise testing and prescription
Uloženo v:
| Korporativní autor: | |
|---|---|
| Médium: | Kniha |
| Jazyk: | angličtina |
| Vydáno: |
Baltimore, USA
Wolter Kluwer Health
2014
|
| Vydání: | Seven edition |
| Témata: | |
| On-line přístup: | Disponible Online |
| Tagy: |
Přidat tag
Žádné tagy, Buďte první, kdo vytvoří štítek k tomuto záznamu!
|
MARC
| LEADER | 00000cam a2200000 a 4500 | ||
|---|---|---|---|
| 001 | UCE6349 | ||
| 003 | CL-VaPUC | ||
| 005 | 20210909074820.0 | ||
| 008 | 150402e20140000us |||||||||||||||||eng|d | ||
| 999 | |c 358681 |d 358679 | ||
| 020 | |a 9781609139568 | ||
| 040 | |c Pontificia Universidad Católica de Valparaíso | ||
| 082 | 0 | 4 | |a 613.711 |b AME |2 21 |
| 110 | 2 | |a American College of Sports Medicine |e author |9 579001 | |
| 245 | 1 | 0 | |a ACSM's resource manual for Guidelines for exercise testing and prescription |
| 250 | |a Seven edition | ||
| 260 | |a Baltimore, USA |b Wolter Kluwer Health |c 2014 | ||
| 300 | |a 862 páginas | ||
| 583 | |a last modification |c 20180824 02:44:23 |k Rodrigo Vera | ||
| 650 | 0 | |a Entrenamiento atlético |2 CL-VaPUC |9 307413 | |
| 650 | 0 | |a Ejercicios físicos |9 307296 | |
| 650 | 0 | |a Músculos |9 269552 | |
| 650 | 0 | |a Test |9 309943 | |
| 650 | 0 | |a Manuales |9 257144 | |
| 856 | |u http://bibliografiadigital.pucv.cl.pucv.idm.oclc.org/index.php/bibliotecapucv/catalog/book/735 |y Disponible Online | ||
| 942 | |c BK |2 ddc | ||
| 945 | |d 20150402 11:08:00 |a arojas | ||
| 952 | |0 0 |1 0 |3 erb |4 0 |6 613_711000000000000_AME_2014 |7 0 |8 A |9 467542 |a BIBEDU |b BIBEDU |i 5144647 |l 1 |o 613.711 AME 2014 |p 5144647 |r 2022-05-04 |s 2022-04-26 |w 2019-11-23 |y BK |z Catalogado en:20150402 |k EFI | ||
| 952 | |0 0 |1 0 |3 erb |4 0 |6 613_711000000000000_AME_2014 |7 0 |8 A |9 467543 |a BIBEDU |b BIBEDU |i 5144655 |l 2 |m 1 |o 613.711 AME 2014 |p 5144655 |r 2022-04-08 |s 2022-03-28 |w 2019-11-23 |y BK |z Catalogado en:20150402 |k EFI | ||
| 952 | |0 0 |1 0 |3 erb |4 0 |6 613_711000000000000_AME_2014 |7 0 |8 A |9 467544 |a BIBEDU |b BIBEDU |i 5144663 |o 613.711 AME 2014 |p 5144663 |r 2019-11-23 |w 2019-11-23 |y BK |z Catalogado en:20150402 |k EFI | ||
| 952 | |0 0 |1 0 |3 erb |4 0 |6 613_711000000000000_AME_2014 |7 0 |8 A |9 467545 |a BIBEDU |b BIBEDU |i 5477328 |o 613.711 AME 2014 |p 5477328 |r 2019-11-23 |w 2019-11-23 |y BK |z Catalogado en:20180622 |k EFI | ||
| 952 | |0 0 |1 0 |3 erb |4 0 |6 613_711000000000000_AME_2014 |7 0 |8 A |9 467546 |a BIBEDU |b BIBEDU |i 547731K |l 3 |m 1 |o 613.711 AME 2014 |p 547731K |r 2025-03-24 |s 2025-03-11 |w 2019-11-23 |y BK |z Catalogado en:20180622 |k EFI | ||